[Event "Benidorm 2011 - 10. Torneo sub-2000"]
[Site "Benidorm ESP"]
[Date "2011.12.02"]
[Round "1.1"]
[White "Fernandez Garcia, Javier"]
[Black "Lopez Valverde, Rafael"]
[Result "0-1"]
[WhiteElo "1999"]
[BlackElo "1805"]
[PlyCount "82"]
[EventDate "2011.12.02"]
[EventType "swiss"]
[EventRounds "10"]
[EventCountry "ESP"]
[Source "lmi"]
[SourceDate "2011.12.02"]

1. d4 Nf6 2. Nf3 e6 3. e3 b6 4. Bd3 Bb7 5. O-O d5 6. Nbd2 Nbd7 7. b3 c5 8. Bb2
Bd6 9. Ne5 Qc7 10. f4 O-O 11. Nxd7 Nxd7 12. dxc5 Nxc5 13. Bxh7+ Kxh7 14. Qh5+
Kg8 15. Bxg7 f5 16. Rf3 Qxg7 17. Rg3 Qxg3 18. hxg3 Kg7 19. Qe2 Ba6 20. c4 dxc4
21. Nxc4 Be7 22. g4 Rad8 23. gxf5 exf5 24. g4 Rg8 25. g5 Bxc4 26. Qxc4 Rd6 27.
Kg2 Rh8 28. Qc3+ Kg8 29. Qe5 Rd2+ 30. Kg1 Bf8 31. Qxf5 Rhh2 32. Qg4 Rhe2 33.
Rc1 Rxe3 34. f5 Ne4 35. Qg3 Nxg3 36. Rc7 Rxa2 37. f6 Ne4 38. f7+ Kg7 39. g6
Kxg6 40. Rc8 Bc5 41. Rxc5 Kxf7 0-1

[Event "Benidorm 2011 - 10. Torneo sub-2000"]
[Site "Benidorm ESP"]
[Date "2011.12.02"]
[Round "1.2"]
[White "Bañuls Perez, Andres"]
[Black "Urios Hernandez, Ramon"]
[Result "0-1"]
[WhiteElo "1805"]
[BlackElo "1999"]
[PlyCount "58"]
[EventDate "2011.12.02"]
[EventType "swiss"]
[EventRounds "10"]
[EventCountry "ESP"]
[Source "lmi"]
[SourceDate "2011.12.02"]

1. d4 Nf6 2. c4 c5 3. d5 b5 4. cxb5 a6 5. bxa6 d6 6. f3 Bxa6 7. e4 Bxf1 8. Kxf1
Nbd7 9. Ne2 g6 10. Nd2 Bg7 11. Nc4 Qc7 12. Bd2 O-O 13. Bc3 Nb6 14. Nxb6 Qxb6
15. Qc2 Nd7 16. Bxg7 Kxg7 17. g3 Ne5 18. Kg2 Rfb8 19. b3 Qa6 20. Rhd1 Kg8 21.
Nc1 c4 22. bxc4 Nxc4 23. Qd3 Rb2+ 24. Kh3 Qc8+ 25. g4 h5 26. Rg1 hxg4+ 27. fxg4
Kg7 28. Kg3 Ne5 29. Qd4 Qxg4# 0-1

[Event "Benidorm 2011 - 10. Torneo sub-2000"]
[Site "Benidorm ESP"]
[Date "2011.12.02"]
[Round "1.3"]
[White "Hall, Rachid"]
[Black "Carrasco Fernandez, Manuel"]
[Result "1-0"]
[WhiteElo "1998"]
[BlackElo "1804"]
[PlyCount "91"]
[EventDate "2011.12.02"]
[EventType "swiss"]
[EventRounds "10"]
[EventCountry "ESP"]
[Source "lmi"]
[SourceDate "2011.12.02"]

1. e4 e5 2. Nf3 Nc6 3. Bc4 Nf6 4. d4 exd4 5. e5 d5 6. exf6 dxc4 7. Qe2+ Be6 8.
fxg7 Bxg7 9. O-O Qd5 10. Ng5 O-O-O 11. Nxe6 fxe6 12. Re1 Rde8 13. Nd2 Rhg8 14.
Qxc4 Qf5 15. Ne4 Be5 16. Ng3 Qg4 17. Bd2 h5 18. Qe2 Bxg3 19. hxg3 e5 20. Qe4
Qg6 21. a4 Qxe4 22. Rxe4 Kd7 23. Rae1 Ref8 24. b4 Rf5 25. b5 Nd8 26. Rxe5 Rgf8
27. Bf4 Rxe5 28. Rxe5 Ne6 29. Bd2 Rh8 30. f4 b6 31. f5 Nc5 32. Rd5+ Ke7 33.
Bg5+ Kf7 34. Rxd4 Rg8 35. Bh4 Rg4 36. Rd8 Rxa4 37. Rh8 Ra1+ 38. Kf2 Ne4+ 39.
Ke3 Nd6 40. Rxh5 Re1+ 41. Kd3 Nxb5 42. g4 Rd1+ 43. Ke3 a5 44. g5 a4 45. g6+ Kg7
46. Rh7+ 1-0

[Event "Benidorm 2011 - 10. Torneo sub-2000"]
[Site "Benidorm ESP"]
[Date "2011.12.02"]
[Round "1.4"]
[White "Esquerdo Nogueroles, Jaime"]
[Black "Garcia Perez, Javier"]
[Result "0-1"]
[WhiteElo "1803"]
[BlackElo "1997"]
[PlyCount "48"]
[EventDate "2011.12.02"]
[EventType "swiss"]
[EventRounds "10"]
[EventCountry "ESP"]
[Source "lmi"]
[SourceDate "2011.12.02"]

1. Nf3 Nf6 2. c4 g6 3. Nc3 Bg7 4. d4 O-O 5. e4 d6 6. Be2 e5 7. d5 a5 8. O-O
Nfd7 9. Be3 f5 10. Ne1 f4 11. Bd2 Nf6 12. Nd3 Na6 13. a3 g5 14. b4 g4 15. c5
Qe8 16. f3 g3 17. h3 Qh5 18. Nxf4 exf4 19. Bxf4 Bxh3 20. Bxg3 Qg5 21. Qe1 Nh5
22. Kh2 Bxc3 23. Qf2 Bxa1 24. Rxa1 Qxg3+ 0-1

[Event "Benidorm 2011 - 10. Torneo sub-2000"]
[Site "Benidorm ESP"]
[Date "2011.12.02"]
[Round "1.5"]
[White "Pia Iglesias, Jose Maria"]
[Black "Orti Boix, Miquel Lluis"]
[Result "1-0"]
[WhiteElo "1995"]
[BlackElo "1800"]
[PlyCount "99"]
[EventDate "2011.12.02"]
[EventType "swiss"]
[EventRounds "10"]
[EventCountry "ESP"]
[Source "lmi"]
[SourceDate "2011.12.02"]

1. e4 c5 2. Nf3 d6 3. d4 cxd4 4. Nxd4 Nf6 5. Nc3 a6 6. Bg5 e6 7. f4 Be7 8. Qf3
Qc7 9. O-O-O O-O 10. Bd3 Nbd7 11. g4 Nc5 12. Kb1 Rb8 13. e5 dxe5 14. fxe5 Nd5
15. Nxd5 exd5 16. Bxe7 Qxe7 17. Rhe1 Nxd3 18. Rxd3 Qh4 19. Rde3 Be6 20. Nf5 Qd8
21. Qf4 Rc8 22. Rh3 Rc4 23. Qf3 Qg5 24. Qd3 g6 25. b3 Rc7 26. Rg3 Kh8 27. h4
Bxf5 28. hxg5 Bxd3 29. Rxd3 Rfc8 30. Re2 Rc5 31. Red2 Rd8 32. Rd4 b5 33. Rf2
Kg7 34. Rf6 Re8 35. Rdf4 Re7 36. Rxa6 Rxe5 37. Ra7 Rxg5 38. Rfxf7+ Kg8 39. Rg7+
Kh8 40. Rxh7+ Kg8 41. Rhb7 Rc8 42. Rg7+ Kh8 43. Rh7+ Kg8 44. Rag7+ Kf8 45. Rd7
Kg8 46. Rh4 Rf8 47. Rdh7 Rf1+ 48. Kb2 Rxg4 49. Rh8+ Kg7 50. R4h7+ 1-0

[Event "Benidorm 2011 - 10. Torneo sub-2000"]
[Site "Benidorm ESP"]
[Date "2011.12.02"]
[Round "1.6"]
[White "Fernandez Contreras, Juan Carlos"]
[Black "Sanz Rodero, Mikel"]
[Result "0-1"]
[WhiteElo "1799"]
[BlackElo "1994"]
[PlyCount "88"]
[EventDate "2011.12.02"]
[EventType "swiss"]
[EventRounds "10"]
[EventCountry "ESP"]
[Source "lmi"]
[SourceDate "2011.12.02"]

1. e4 c5 2. Nc3 Nc6 3. g3 g6 4. Bg2 Bg7 5. Nge2 d6 6. O-O e5 7. d3 Nge7 8. Be3
O-O 9. Qd2 Nd4 10. h3 Bxh3 11. f4 Bg4 12. Kh2 Qd7 13. Ng1 f5 14. Nd1 fxe4 15.
Bxe4 Ne6 16. c3 d5 17. fxe5 Nc6 18. Re1 Rad8 19. Nf2 Bh5 20. Nfh3 Kh8 21. Nf3
Bxf3 22. Bxf3 Rf7 23. Ng5 Nxg5 24. Bxg5 Nxe5 25. Bg2 Ng4+ 26. Kg1 Bf6 27. Bf4
d4 28. c4 Re8 29. Rxe8+ Qxe8 30. Re1 Re7 31. Rxe7 Qxe7 32. Qd1 Be5 33. Qf3 Bxf4
34. Qxf4 Qe1+ 35. Bf1 Qe3+ 36. Kh1 Qxf4 37. gxf4 Kg7 38. Be2 Kf6 39. Kg2 h6 40.
Kg3 Ne3 41. a3 g5 42. fxg5+ hxg5 43. Bf3 b6 44. b4 g4 0-1

[Event "Benidorm 2011 - 10. Torneo sub-2000"]
[Site "Benidorm ESP"]
[Date "2011.12.02"]
[Round "1.7"]
[White "Esteban Amo, Jose M"]
[Black "Yanez Acin, Gonzalo"]
[Result "1-0"]
[WhiteElo "1991"]
[BlackElo "1798"]
[PlyCount "121"]
[EventDate "2011.12.02"]
[EventType "swiss"]
[EventRounds "10"]
[EventCountry "ESP"]
[Source "lmi"]
[SourceDate "2011.12.02"]

1. e4 Nf6 2. e5 Nd5 3. d4 d6 4. c4 Nb6 5. exd6 exd6 6. Nc3 Be7 7. Bd3 O-O 8.
Nge2 Bg4 9. O-O Nc6 10. Be3 Bxe2 11. Qxe2 Re8 12. Ne4 Nd7 13. Qh5 g6 14. Qh3
Nf8 15. f4 f5 16. Nc3 Bf6 17. Rf3 Nxd4 18. Rg3 Bg7 19. Rd1 Qf6 20. Nd5 Qf7 21.
Bf1 Re4 22. Nc3 Rae8 23. Nxe4 Rxe4 24. Bd3 Re8 25. b3 c5 26. Bf1 Nfe6 27. Bc1
Nd8 28. Rgd3 N8c6 29. Re3 Rxe3 30. Bxe3 a5 31. g3 Qe7 32. Bf2 h5 33. Qg2 Kh7
34. Re1 Qd7 35. Be2 Nxe2+ 36. Rxe2 Bd4 37. Qd5 Bxf2+ 38. Kxf2 Nd4 39. Re1 b5
40. cxb5 Nxb5 41. Re6 Nc3 42. Qc4 Ne4+ 43. Ke1 d5 44. Qa6 Qf7 45. Rb6 Kh6 46.
Qb7 Qe8 47. Qb8 Qxb8 48. Rxb8 d4 49. Rb5 h4 50. Rxa5 hxg3 51. hxg3 Kh5 52. Ra6
Nxg3 53. Rc6 d3 54. Kd2 Kg4 55. Rxg6+ Kxf4 56. Kxd3 Ne4 57. a4 Ke5 58. Rg8 Nd6
59. a5 Kd5 60. a6 Nb5 61. Rg7 1-0

[Event "Benidorm 2011 - 10. Torneo sub-2000"]
[Site "Benidorm ESP"]
[Date "2011.12.02"]
[Round "1.8"]
[White "Martin Ferrer, Silverio"]
[Black "Sacristan Latorre, Alberto"]
[Result "0-1"]
[WhiteElo "1797"]
[BlackElo "1990"]
[PlyCount "40"]
[EventDate "2011.12.02"]
[EventType "swiss"]
[EventRounds "10"]
[EventCountry "ESP"]
[Source "lmi"]
[SourceDate "2011.12.02"]

1. e4 c5 2. c3 d6 3. d4 cxd4 4. cxd4 Nf6 5. Nc3 e6 6. Nf3 Be7 7. Bd3 a6 8. O-O
b5 9. Re1 Bb7 10. h3 O-O 11. a3 Nc6 12. b4 Rc8 13. Qb3 Nd7 14. Be3 Bf6 15. Rac1
Re8 16. a4 e5 17. axb5 Nxd4 18. Bxd4 exd4 19. Nd5 Bxd5 20. Rxc8 Bxb3 0-1

[Event "Benidorm 2011 - 10. Torneo sub-2000"]
[Site "Benidorm ESP"]
[Date "2011.12.02"]
[Round "1.9"]
[White "Rasskin Friederichs, Ivan"]
[Black "Clanchet Olle, Josep"]
[Result "1-0"]
[WhiteElo "1990"]
[BlackElo "1796"]
[PlyCount "63"]
[EventDate "2011.12.02"]
[EventType "swiss"]
[EventRounds "10"]
[EventCountry "ESP"]
[Source "lmi"]
[SourceDate "2011.12.02"]

1. e4 e5 2. Nc3 Nf6 3. f4 d5 4. fxe5 Nxe4 5. Nf3 Bg4 6. Qe2 Nxc3 7. dxc3 Nc6 8.
Bf4 Bc5 9. O-O-O O-O 10. Qb5 Bxf3 11. gxf3 Qh4 12. Bg3 Qg5+ 13. Kb1 Be3 14.
Rxd5 Rad8 15. Bd3 a6 16. Qc4 Rxd5 17. Qxd5 Rd8 18. Qe4 Qh6 19. f4 Bc5 20. h4
Qh5 21. f5 Ne7 22. f6 Ng6 23. Be2 Qh6 24. h5 Qg5 25. hxg6 Qxg3 26. gxf7+ Kf8
27. b4 Qxc3 28. fxg7+ Kxg7 29. Qxh7+ Kf8 30. Qh8+ Ke7 31. Qf6+ Kd7 32. Bg4# 1-0

[Event "Benidorm 2011 - 10. Torneo sub-2000"]
[Site "Benidorm ESP"]
[Date "2011.12.02"]
[Round "1.10"]
[White "Moya Mallafre, Erik"]
[Black "Lopez Diaz, Rafael"]
[Result "1/2-1/2"]
[WhiteElo "1989"]
[BlackElo "1795"]
[PlyCount "106"]
[EventDate "2011.12.02"]
[EventType "swiss"]
[EventRounds "10"]
[EventCountry "ESP"]
[Source "lmi"]
[SourceDate "2011.12.02"]

1. Nf3 b6 2. g3 Bb7 3. Bg2 g6 4. d4 Nf6 5. c4 Bg7 6. Nc3 O-O 7. O-O d6 8. Qc2
Nbd7 9. Rd1 a5 10. Bf4 Nh5 11. Be3 Rb8 12. d5 Re8 13. Bd4 Ne5 14. Nb5 Bc8 15.
Bc3 Bd7 16. a4 Qc8 17. b3 Nxf3+ 18. Bxf3 Nf6 19. Nd4 Bg4 20. Bg2 e5 21. dxe6
Bxe6 22. e3 Bh3 23. Bh1 Bd7 24. Qb2 Qd8 25. Nc6 Bxc6 26. Bxc6 Rf8 27. Rd2 Nh5
28. Rad1 Bxc3 29. Qxc3 Qf6 30. Rd4 Ng7 31. Qc2 Ne6 32. Rh4 Nc5 33. Rf4 Qg7 34.
Kg2 Na6 35. Qd2 Nb4 36. Bd5 Rbe8 37. Bf3 Re6 38. h4 Rf6 39. Re4 Re6 40. Rf4
Rfe8 41. Bd5 Rf6 42. Re4 Rxe4 43. Bxe4 Re6 44. Bf3 h5 45. Qc1 Qf6 46. Rd4 Re5
47. Rf4 Rf5 48. Rxf5 Qxf5 49. Qc3 Qe6 50. Qd4 Nc2 51. Qc3 Nb4 52. Qd4 Na6 53.
Bd5 Qe5 1/2-1/2

[Event "Benidorm 2011 - 10. Torneo sub-2000"]
[Site "Benidorm ESP"]
[Date "2011.12.02"]
[Round "1.11"]
[White "Rodriguez Gonzalez, Miguel Ange"]
[Black "Cebada Benitez, Fernando"]
[Result "1/2-1/2"]
[WhiteElo "1793"]
[BlackElo "1988"]
[PlyCount "119"]
[EventDate "2011.12.02"]
[EventType "swiss"]
[EventRounds "10"]
[EventCountry "ESP"]
[Source "lmi"]
[SourceDate "2011.12.02"]

1. d4 d5 2. c4 c6 3. cxd5 cxd5 4. Nc3 Nf6 5. g3 g6 6. Bg2 Bg7 7. Nf3 O-O 8. O-O
Nc6 9. Ne5 e6 10. Bg5 Qb6 11. Nxc6 bxc6 12. Na4 Qb4 13. a3 Qe7 14. Nc5 h6 15.
Bd2 Re8 16. Rc1 e5 17. e4 exd4 18. exd5 cxd5 19. Bb4 a5 20. Re1 Qd8 21. Bd2 Bg4
22. Qa4 Rxe1+ 23. Rxe1 Qb6 24. Qxd4 Ne4 25. Qxd5 Rd8 26. Qxe4 Rxd2 27. b4 Qf6
28. Qe8+ Kh7 29. Ne4 Qd8 30. Nxd2 Qxd2 31. Qe3 Qb2 32. Qc1 Qa2 33. bxa5 Bb2 34.
Qf4 Be6 35. a4 Bc3 36. Rd1 Bxa5 37. Bf1 Qc2 38. Re1 Qb2 39. Re3 Qb1 40. Rxe6
fxe6 41. Qf7+ Kh8 42. Qxe6 Qb6 43. Qe8+ Kg7 44. Qe7+ Kh8 45. Bb5 Qd8 46. Qe5+
Kh7 47. Bf1 Bb6 48. Qe4 Qd4 49. Qe7+ Qg7 50. Qa3 Qd4 51. Qa2 Qc3 52. Qf7+ Qg7
53. Qe6 Qd4 54. Qa2 Qc3 55. h4 Qxg3+ 56. Bg2 Qxh4 57. Qf7+ Kh8 58. Qe8+ Kh7 59.
Qf7+ Kh8 60. Qe8+ 1/2-1/2

[Event "Benidorm 2011 - 10. Torneo sub-2000"]
[Site "Benidorm ESP"]
[Date "2011.12.02"]
[Round "1.12"]
[White "Bru Rullo, Llatzer"]
[Black "Vegara Gallego, Pere"]
[Result "1-0"]
[WhiteElo "1985"]
[BlackElo "1790"]
[PlyCount "71"]
[EventDate "2011.12.02"]
[EventType "swiss"]
[EventRounds "10"]
[EventCountry "ESP"]
[Source "lmi"]
[SourceDate "2011.12.02"]

1. e4 e5 2. Nf3 Nc6 3. Bb5 d6 4. d4 exd4 5. Qxd4 Bd7 6. Bxc6 Bxc6 7. Nc3 Nf6 8.
Bg5 Be7 9. O-O-O O-O 10. Rhe1 Re8 11. Qc4 Nd7 12. Bxe7 Qxe7 13. Nd5 Bxd5 14.
exd5 Ne5 15. Qc3 Rad8 16. Re3 Rd7 17. Rde1 Qd8 18. Nxe5 dxe5 19. Rxe5 Rxe5 20.
Qxe5 Kf8 21. c4 c6 22. dxc6 bxc6 23. Qc5+ Kg8 24. Qxc6 g6 25. Qe4 Qc7 26. Qe8+
Kg7 27. Qe5+ f6 28. Qxc7 Rxc7 29. b3 f5 30. Kc2 g5 31. Kc3 Kf6 32. b4 h5 33. c5
h4 34. a3 f4 35. Kc4 g4 36. b5 1-0

[Event "Benidorm 2011 - 10. Torneo sub-2000"]
[Site "Benidorm ESP"]
[Date "2011.12.02"]
[Round "1.13"]
[White "Caparros Fernandez, Xavier"]
[Black "Roldan Gutierrez, Roque"]
[Result "1/2-1/2"]
[WhiteElo "1781"]
[BlackElo "1983"]
[PlyCount "41"]
[EventDate "2011.12.02"]
[EventType "swiss"]
[EventRounds "10"]
[EventCountry "ESP"]
[Source "lmi"]
[SourceDate "2011.12.02"]

1. e4 c5 2. Qe2 Nc6 3. c3 d6 4. Nf3 Bg4 5. g3 Nf6 6. Bg2 Qd7 7. O-O e5 8. d3
Be7 9. Nbd2 O-O 10. Re1 h6 11. Nf1 Bd8 12. Ne3 Be6 13. Bd2 Kh7 14. h4 Ng4 15.
Nf5 g6 16. Ne3 Bf6 17. Bh3 Nxe3 18. Bxe6 Qxe6 19. Qxe3 Bg7 20. Kg2 Rh8 21. b3
1/2-1/2

[Event "Benidorm 2011 - 10. Torneo sub-2000"]
[Site "Benidorm ESP"]
[Date "2011.12.02"]
[Round "1.14"]
[White "Egan, Colm"]
[Black "Perez Garcia, Alejandro"]
[Result "1/2-1/2"]
[WhiteElo "1983"]
[BlackElo "1777"]
[PlyCount "62"]
[EventDate "2011.12.02"]
[EventType "swiss"]
[EventRounds "10"]
[EventCountry "ESP"]
[Source "lmi"]
[SourceDate "2011.12.02"]

1. d4 Nf6 2. Nf3 d5 3. Bf4 e6 4. e3 b6 5. c3 Bb7 6. Bd3 Be7 7. h3 Nbd7 8. Nbd2
O-O 9. O-O c5 10. Ne5 Nxe5 11. dxe5 Nd7 12. Qh5 g6 13. Qg4 c4 14. Bc2 Nc5 15.
Qe2 Qc7 16. Bh2 b5 17. f4 Ne4 18. Nf3 Bc5 19. Nd4 Qb6 20. Bxe4 dxe4 21. g4 b4
22. f5 Bxd4 23. exd4 bxc3 24. bxc3 Qc6 25. Qe3 gxf5 26. gxf5 Kh8 27. f6 Rg8+
28. Kh1 Rg6 29. Rg1 Rag8 30. Rxg6 Rxg6 31. Rg1 Rxg1+ 1/2-1/2

[Event "Benidorm 2011 - 10. Torneo sub-2000"]
[Site "Benidorm ESP"]
[Date "2011.12.02"]
[Round "1.15"]
[White "Gastesi Urroz, Mikel"]
[Black "Cuadrado Lopez, Francisco Javier"]
[Result "0-1"]
[WhiteElo "1776"]
[BlackElo "1982"]
[PlyCount "60"]
[EventDate "2011.12.02"]
[EventType "swiss"]
[EventRounds "10"]
[EventCountry "ESP"]
[Source "lmi"]
[SourceDate "2011.12.02"]

1. d4 d5 2. c4 c6 3. Nc3 Nf6 4. Bg5 e6 5. e3 Be7 6. cxd5 exd5 7. Bd3 Nbd7 8.
Nf3 h6 9. Bh4 Ne4 10. Bxe7 Qxe7 11. Qc2 Ndf6 12. O-O O-O 13. Ne5 Nd6 14. Rfe1
Be6 15. Rac1 Nd7 16. f4 Nf6 17. Na4 Nde4 18. Nc5 Bf5 19. Nxe4 Bxe4 20. Bxe4
Nxe4 21. Qe2 Qh4 22. g3 Qh3 23. Qg4 Qxg4 24. Nxg4 Rfe8 25. Rc2 f6 26. Nf2 Nd6
27. g4 Re7 28. b3 Rae8 29. Rce2 Nb5 30. a4 Nxd4 0-1

[Event "Benidorm 2011 - 10. Torneo sub-2000"]
[Site "Benidorm ESP"]
[Date "2011.12.02"]
[Round "1.24"]
[White "Castello Castello, Juan Jose"]
[Black "Moragrega Herrero, Juan Jose"]
[Result "0-1"]
[WhiteElo "1750"]
[BlackElo "1968"]
[PlyCount "72"]
[EventDate "2011.12.02"]
[EventType "swiss"]
[EventRounds "10"]
[EventCountry "ESP"]
[Source "lmi"]
[SourceDate "2011.12.02"]

1. Nf3 d5 2. c4 d4 3. Qc2 c5 4. d3 Nc6 5. a3 e5 6. g3 f5 7. e4 fxe4 8. dxe4 Nf6
9. Bd3 Bd6 10. Nh4 O-O 11. Nf5 Bxf5 12. exf5 e4 13. Bf1 Ne5 14. Bg2 Nd3+ 15.
Kd1 Qd7 16. Bh3 h6 17. g4 Bf4 18. Bxf4 Nxf4 19. Bf1 Nxg4 20. h3 Nf6 21. Rh2
Qxf5 22. Nd2 Qe5 23. Bg2 Rfe8 24. Nf1 Rad8 25. Kc1 e3 26. fxe3 dxe3 27. Ng3
Nd3+ 28. Kb1 Qxg3 29. Bd5+ Nxd5 30. cxd5 Rxd5 31. Ka2 b5 32. Rg2 Qe5 33. Re2 c4
34. b3 c3 35. Rd1 Red8 36. Rg1 Nf4 0-1

[Event "Benidorm 2011 - 10. Torneo sub-2000"]
[Site "Benidorm ESP"]
[Date "2011.12.02"]
[Round "1.25"]
[White "Tonus, Alex"]
[Black "Campos Gutierrez, Luis Maria"]
[Result "1-0"]
[WhiteElo "1965"]
[BlackElo "1750"]
[PlyCount "39"]
[EventDate "2011.12.02"]
[EventType "swiss"]
[EventRounds "10"]
[EventCountry "ESP"]
[Source "lmi"]
[SourceDate "2011.12.02"]

1. e4 d5 2. exd5 Qxd5 3. Nc3 Qd6 4. d4 Nf6 5. Nf3 a6 6. Bd3 Nc6 7. O-O Bg4 8.
Ne4 Nxe4 9. Bxe4 O-O-O 10. c3 e6 11. h3 Bh5 12. Be3 Kb8 13. a4 a5 14. Qb3 Bxf3
15. Bxf3 Be7 16. Qb5 f5 17. Ra3 Kc8 18. Rb3 Kd7 19. Rd1 g5 20. d5 1-0

[Event "Benidorm 2011 - 10. Torneo sub-2000"]
[Site "Benidorm ESP"]
[Date "2011.12.02"]
[Round "1.29"]
[White "Rangelod Mayhalod, Georgi"]
[Black "Romagosa Cerda, Ismael"]
[Result "1-0"]
[WhiteElo "1960"]
[BlackElo "1748"]
[PlyCount "75"]
[EventDate "2011.12.02"]
[EventType "swiss"]
[EventRounds "10"]
[EventCountry "ESP"]
[Source "lmi"]
[SourceDate "2011.12.02"]

1. e4 d5 2. e5 e6 3. d4 c5 4. c3 Nc6 5. Nf3 h6 6. Bd3 Qb6 7. O-O Bd7 8. dxc5
Bxc5 9. b4 Bf8 10. a4 a6 11. Na3 Qc7 12. Re1 Na7 13. Qb3 Rc8 14. Bd2 g6 15. Nc2
b5 16. a5 Bg7 17. Ncd4 Ne7 18. Qd1 Nac6 19. Qe2 O-O 20. Rac1 Nxd4 21. Nxd4 Nc6
22. f4 Nxd4 23. cxd4 Qa7 24. Be3 Rxc1 25. Rxc1 Rc8 26. Rxc8+ Bxc8 27. Qc2 Bd7
28. g4 Bf8 29. Bxg6 Kg7 30. Bd3 Bxb4 31. f5 Bxa5 32. Qf2 Bd8 33. f6+ Kf8 34.
Qh4 Bc8 35. Qxh6+ Ke8 36. Qg7 Qb6 37. Bg6 fxg6 38. f7+ 1-0

[Event "Benidorm 2011 - 10. Torneo sub-2000"]
[Site "Benidorm ESP"]
[Date "2011.12.02"]
[Round "1.33"]
[White "Amat Cerda, Andres"]
[Black "Davo Torres, Enrique"]
[Result "1-0"]
[WhiteElo "1732"]
[BlackElo "1956"]
[PlyCount "52"]
[EventDate "2011.12.02"]
[EventType "swiss"]
[EventRounds "10"]
[EventCountry "ESP"]
[Source "lmi"]
[SourceDate "2011.12.02"]

1. e4 e6 2. c4 c6 3. d4 d5 4. e5 c5 5. Be3 cxd4 6. Bxd4 dxc4 7. Bxc4 Nc6 8. Nf3
Bb4+ 9. Nc3 Nxd4 10. Qxd4 Qxd4 11. Nxd4 Bxc3+ 12. bxc3 a6 13. Bd3 Ne7 14. O-O
O-O 15. Be4 Rd8 16. Rab1 Nd5 17. Rb3 Nxc3 18. Rxc3 Rxd4 19. f3 Rb8 20. Rfc1 Rd8
21. Rc7 Kf8 22. f4 g6 23. Kf2 Ke8 24. Kg3 b6 25. Ra7 a5 26. Rcc7 Rd7 1-0

[Event "Benidorm 2011 - 10. Torneo sub-2000"]
[Site "Benidorm ESP"]
[Date "2011.12.02"]
[Round "1.34"]
[White "Delgado Lozano, Jose Manuel"]
[Black "Alzate Echavarri, Cesar Augusto"]
[Result "1-0"]
[WhiteElo "1956"]
[BlackElo "1732"]
[PlyCount "29"]
[EventDate "2011.12.02"]
[EventType "swiss"]
[EventRounds "10"]
[EventCountry "ESP"]
[Source "lmi"]
[SourceDate "2011.12.02"]

1. d4 d5 2. Nf3 g6 3. c3 Bg7 4. Bg5 Nf6 5. Nbd2 Bg4 6. Qb3 b6 7. h3 Bxf3 8.
Nxf3 Nc6 9. e3 O-O 10. Qa4 Qd6 11. Bf4 Qd7 12. Bb5 Qe6 13. Ng5 Qc8 14. Bxc6 Rb8
15. Qxa7 1-0

[Event "Benidorm 2011 - 10. Torneo sub-2000"]
[Site "Benidorm ESP"]
[Date "2011.12.03"]
[Round "2.1"]
[White "Urios Hernandez, Ramon"]
[Black "Gomez Salinas, Nestor"]
[Result "1-0"]
[WhiteElo "1999"]
[BlackElo "1877"]
[PlyCount "143"]
[EventDate "2011.12.02"]
[EventType "swiss"]
[EventRounds "10"]
[EventCountry "ESP"]
[Source "lmi"]
[SourceDate "2011.12.02"]

1. d4 Nf6 2. Bg5 Ne4 3. Bf4 c5 4. f3 Nf6 5. dxc5 Qa5+ 6. Nc3 Qxc5 7. e4 d6 8.
Qd2 a6 9. O-O-O Nbd7 10. g4 h6 11. Be2 b5 12. Be3 Qc7 13. Nh3 Bb7 14. Nf4 Nb6
15. Bxb6 Qxb6 16. Nfd5 Bxd5 17. Nxd5 Nxd5 18. Qxd5 Rc8 19. Kb1 Qc5 20. Qxc5
Rxc5 21. a4 bxa4 22. Bxa6 Ra5 23. Bc4 e6 24. Rd3 g5 25. Ra3 Kd8 26. Bb3 d5 27.
Rxa4 Rxa4 28. Bxa4 d4 29. Rd1 e5 30. Rd3 h5 31. h3 hxg4 32. hxg4 Kc7 33. Bb3 f6
34. Bd5 Bb4 35. c3 dxc3 36. bxc3 Bc5 37. Kc2 Kb6 38. Rd1 Rh2+ 39. Kb3 Rf2 40.
Kc4 Bd6 41. Rb1+ Kc7 42. Rb7+ Kd8 43. Be6 Bc7 44. Kd5 Rd2+ 45. Kc4 Rf2 46. Ra7
Rxf3 47. Bf5 Rf2 48. Kd5 Bb6 49. Rb7 Be3 50. Ke6 Rc2 51. Rb3 Kc7 52. Kxf6 Bf4
53. Be6 Kc6 54. c4 Rh2 55. Kf5 Rc2 56. Rb5 Kd6 57. Rd5+ Kc6 58. Bd7+ Kc7 59. c5
Rb2 60. Ke6 Rd2 61. Rd6 Rxd6+ 62. cxd6+ Kd8 63. Bc6 Bg3 64. Kf7 Bf4 65. Kf6 Bg3
66. Kxg5 Bf4+ 67. Kf6 Bg3 68. g5 Bh4 69. Kf5 Kc8 70. g6 Bd8 71. g7 Kb8 72. g8=Q
1-0

[Event "Benidorm 2011 - 10. Torneo sub-2000"]
[Site "Benidorm ESP"]
[Date "2011.12.03"]
[Round "2.2"]
[White "Garzon Negrete, Martin Felipe"]
[Black "Hall, Rachid"]
[Result "0-1"]
[WhiteElo "1874"]
[BlackElo "1998"]
[PlyCount "76"]
[EventDate "2011.12.02"]
[EventType "swiss"]
[EventRounds "10"]
[EventCountry "ESP"]
[Source "lmi"]
[SourceDate "2011.12.02"]

1. Nf3 Nf6 2. b3 d5 3. Ba3 Bf5 4. Nd4 Bg6 5. e3 Nbd7 6. f4 c5 7. Nf3 e6 8. Bb5
Be7 9. O-O a6 10. Be2 O-O 11. Nh4 Rc8 12. Nxg6 hxg6 13. Rf3 Ne4 14. Rh3 Bf6 15.
c3 b5 16. d4 Qa5 17. b4 cxb4 18. Bxb4 Qd8 19. Bxf8 Nxf8 20. Bd3 Nxc3 21. Nxc3
Rxc3 22. g4 g5 23. f5 e5 24. dxe5 Bxe5 25. Qf1 Rxd3 26. Qxd3 Bxa1 27. Rh5 Qe7
28. Kf2 Qe5 29. Qf1 d4 30. exd4 Qf4+ 31. Ke2 Qxg4+ 32. Qf3 Qxd4 33. Rxg5 Qb2+
34. Kf1 Qc1+ 35. Kg2 Qxg5+ 36. Kh3 Be5 37. a4 Qf4 38. axb5 Qxf3+ 0-1

[Event "Benidorm 2011 - 10. Torneo sub-2000"]
[Site "Benidorm ESP"]
[Date "2011.12.03"]
[Round "2.3"]
[White "Garcia Perez, Javier"]
[Black "Navarrete Abraham, Jorge"]
[Result "1-0"]
[WhiteElo "1997"]
[BlackElo "1874"]
[PlyCount "56"]
[EventDate "2011.12.02"]
[EventType "swiss"]
[EventRounds "10"]
[EventCountry "ESP"]
[Source "lmi"]
[SourceDate "2011.12.02"]

1. e4 c5 2. Nc3 Nc6 3. g3 g6 4. Bg2 Bg7 5. d3 e6 6. Be3 d6 7. Qd2 Nd4 8. Nd1
Ne7 9. c3 Ndc6 10. Bh6 O-O 11. h4 f5 12. h5 Qe8 13. Bxg7 Kxg7 14. Ne2 e5 15. f4
Be6 16. Ne3 Rd8 17. hxg6 hxg6 18. g4 fxe4 19. f5 gxf5 20. gxf5 Bxf5 21. Nxf5+
Nxf5 22. dxe4 Nfe7 23. Qh6+ Kf7 24. O-O-O Ng6 25. Qh7+ Kf6 26. Rdf1+ Nf4 27.
Rh6+ Kg5 28. Nxf4 Rxf4 1-0

[Event "Benidorm 2011 - 10. Torneo sub-2000"]
[Site "Benidorm ESP"]
[Date "2011.12.03"]
[Round "2.4"]
[White "Sanz Rodero, Mikel"]
[Black "Tirado Parra, Alberto"]
[Result "1-0"]
[WhiteElo "1994"]
[BlackElo "1869"]
[PlyCount "53"]
[EventDate "2011.12.02"]
[EventType "swiss"]
[EventRounds "10"]
[EventCountry "ESP"]
[Source "lmi"]
[SourceDate "2011.12.02"]

1. e4 d5 2. exd5 Qxd5 3. Nf3 Bg4 4. Be2 Nc6 5. d4 e6 6. O-O Nf6 7. c4 Qd7 8.
Be3 Rd8 9. Nbd2 Bb4 10. Nb3 a5 11. a3 Bd6 12. h3 Bh5 13. c5 Be7 14. Bb5 Bxf3
15. Qxf3 Ra8 16. Bd2 a4 17. Na5 Nd5 18. Bxa4 O-O 19. Bb5 Rfd8 20. Qd3 Bf6 21.
Nxb7 Rdb8 22. Na5 Nde7 23. Nxc6 Nxc6 24. Bc3 Bxd4 25. Rfd1 e5 26. Bxd4 Rd8 27.
Qe4 1-0